| 000 | 01773nam0a2200337 4500 | ||
|---|---|---|---|
| 001 | RU\NLR\bibl\1024607 | ||
| 005 | 20241119114752.0 | ||
| 020 |
_aRU _b06-11975 _9Летопись авторефератов диссертаций |
||
| 021 |
_aRU _b2006-6003а _9241а |
||
| 035 | _a(NLR Aleph) 001012117 | ||
| 090 |
_a645164 _c645164 |
||
| 100 | _a20061213d2006 u u0rusy50 ca | ||
| 101 | 0 | _arus | |
| 102 | _aRU | ||
| 105 | _ay dm ||||| | ||
| 200 | 1 |
_aРазвитие персональной ответственности будущего специалиста _e(на материале воспитательной работы с курсантами военного вуза) _eавтореф. дис. на соиск. учен. степ. канд. пед. наук _eспециальность 13.00.08 <Теория и методика проф. образования> _fВершков Алексей Станиславович _g[Курс. гос. ун-т] |
|
| 210 |
_aКурск _d2006 |
||
| 215 |
_a22 с. _d21 |
||
| 320 | _aБиблиогр.: с. 20-22 (12 назв.) | ||
| 675 |
_a378.14 _v3 _zrus |
||
| 686 |
_a14.35 _2rugasnti |
||
| 686 |
_a74.58 _2rubbk |
||
| 686 |
_a13.00.08 _2oksvnk |
||
| 700 | 1 |
_aВершков _bА. С. _gАлексей Станиславович _4070 |
|
| 801 | 0 |
_aRU _bRKP _c20061213 _gPSBO |
|
| 801 | 1 |
_aRU _bRKP _c20061213 |
|
| 801 | 2 |
_aRU _bNLR _c20061219 _grcr |
|
| 901 | _eАвторефераты | ||
| 942 | _cBOOK | ||
| 981 | 1 | 0 |
_a(10) Авторефераты _b(10) 13.00.00 Педагогические науки _b13.00.08 Теория и методика профессионального образования |